000 01030cam a2200289 a 4500
003 CO-ViMGA
008 150605s2015 ck r 000 f spa d
020 _a9789588886435
040 _aCO-ViMGA
_bspa
_cCO-ViMGA
041 1 _heng
043 _an-us---
082 0 4 _a813 M17g5
100 1 _aMartin, George Raymond Richard
_d1948-
_99371
240 1 0 _aGame of thrones
_lEspañol
245 1 0 _aJuego de tronos :
_bcanción de hielo y fuego I /
_cGeorge R. R. Martin ; traducción Cristina Macía, Adela Ibáñez y Natalia Cervera.
250 _aPrimera edición.
260 _aBogotá :
_bDebolsillo,
_bPenguin Random House Grupo Editorial,
_c2015.
300 _a795 páginas ;
_c21 cm.
534 _tGame of thrones.
650 1 4 _aNovela estadounidense
_92233
650 2 4 _aLiteratura estadounidense
_92340
650 2 4 _aNovela fantástica
_91292
700 1 _aCervera, Natalia
_etraductora
_99385
700 1 _aIbáñez, Adela
_etraductora
_99384
700 1 _aMacía, Cristina
_d1965-
_etraductora
_99383
942 _2ddc
_cBK
999 _c37937
_d37937